| 000 | 02508cam a22005534i 4500 | ||
|---|---|---|---|
| 003 | PE-LiUPU | ||
| 005 | 20250731175642.0 | ||
| 008 | 150706s2009 pe a rb 000 0 spa d | ||
| 020 | _a9786124041303 | ||
| 035 | _a(Sirsi) i9786124041303 | ||
| 040 |
_aPE-LiUPU _bspa _cPE-LiUPU _erda |
||
| 049 | _aPRUA | ||
| 082 | 0 | 4 |
_a468.2 _bR3 _221 |
| 082 | 0 | 4 |
_a468.2 _bA31 2009 _221 |
| 100 | 1 |
_aAguirre, Mauricio, _eautor. |
|
| 245 | 0 | 1 |
_aRedactar en la universidad : _bconceptos y técnicas fundamentales / _cMauricio Aguirre ; Christian Estrada y Erika Flores edi. |
| 250 | _a3a ed. | ||
| 264 | 1 |
_aLima : _bUPC, Fondo Editorial, _c2009. |
|
| 300 |
_a194 páginas : _bilustraciones ; _c30 centímetros |
||
| 336 |
_atext _2rdacontent |
||
| 337 |
_aunmediated _2rdamedia |
||
| 338 |
_avolume _2rdacarrier |
||
| 504 | _aIncluye bibliografía p.182. | ||
| 505 | 0 | _aSituación comunicativa y variedad académica -- Estructura de la oración y puntuación -- Redacción de textos académicos -- Actividades de redacción -- Compresión de lectura. | |
| 526 | _aP145 | ||
| 526 | _aP127 | ||
| 526 | _aP97 | ||
| 526 | _aP35 | ||
| 526 | _aP14 | ||
| 526 | _aP07 | ||
| 541 | _g030-0013374; | ||
| 541 | _g001-00003175; | ||
| 650 | 0 | 4 |
_aRedacción de informes _xManuales, etc. |
| 650 | 0 | 4 |
_aRedacción _xEstudio y enseñanza. |
| 650 | 0 | 4 |
_aEspañol _xComposición y ejercicios. |
| 650 | 0 | 4 |
_aEspañol _xOrtografía _vManuales, etc. |
| 700 | 1 |
_aAguirre, Mauricio, _eed. |
|
| 710 | 2 | _aUniversidad Peruana de Ciencias Aplicadas. Centro de Información | |
| 700 | 1 |
_aEstrada, Christian, _eed. |
|
| 910 |
_agl _cfsr _d20121204 |
||
| 910 |
_btqv _caic _d20170118 |
||
| 942 |
_2ddc _cBOOK |
||
| 949 |
_a468.2 R3 _wDEWEY _c1 _i65843 _lCCODEBUL1 _mBUL _p12.00 _r0 _sY _tBOOK _u2015-7-6 _xFCE _PP04 _o.STAFF. Colección General |
||
| 949 |
_a468.2 A31 2009 _wDEWEY _c1 _iFJ05552 _lCCODEBUJ1 _mBUJ _p10.00 _r0 _sY _tBOOK _u2017-01-18 _xEDUCACION _PP20 _0COMPRA _o.STAFF. Colección General Juliaca |
||
| 994 |
_aC0 _bPEPRU |
||
| 596 | _a1 3 | ||
| 999 |
_a468.2 R3 _wDEWEY _c54235 _i65843 _d54235 _e2016-10-5 _f2021-11-8 _g6 _lCCODEBUL1 _mBUL _n10 _p12.00 _r0 _sY _tBOOK _u2015-7-6 _xEDUCACION _PP04 _o.STAFF. Colección General |
||
| 999 |
_a468.2 A31 2009 _wDEWEY _c1 _iFJ05552 _f2022-1-19 _g4 _lCCODEBUJ1 _mBUJ _p10.00 _r0 _sY _tBOOK _u2017-1-18 _xEDUCACION _PP20 _0COMPRA _o.STAFF. Colección General Juliaca |
||
| 980 |
_81 _gALBERTO SANCHEZ Responsable de Automatización |
||